000 01138nam2a2200253 4500
001 RU\NLR\BIBL_A\012681640
005 20220124164008.0
010 _a978-5-7164-1096-1
_9300
021 _aRU
_bКН-П-21-062585
_9КН-П-21-4907
035 _a(NLR Aleph) 012681640
090 _a12817109
_c12817109
100 _a20220112d2021 k y0rusy50 ca
101 1 _arus
_cgrc
102 _aRU
105 _ay|||z|||000zy
200 0 _aКн. 3
_fредактор: С.Д. Сапожникова
210 _d2021
215 _a331, [5] с.
_d19
320 _aБиблиогр. в подстроч. примеч.
461 0 _1001RU\NLR\BIBL_A\012522757
_12001#$aШестая Эннеада$fПлотин$gперевод с древнегреческого Т.Г. Сидаша$vКн. 3
_1700#0$aПлотин$fок.204-ок.270$3RU\NLR\AUTH\7711790$4070
_912331434
_aПлотин (ок.204-ок.270)
_cСанкт-Петербург
_d2020
_fПлотин
_nИздательский проект "Квадривиум "
_tШестая Эннеада
_vКн. 3
942 _cBOOK
980 _aNB